Thermodynamics (Record no. 7801)

000 -LEADER
fixed length control field 00495nam a22002057a 4500
001 - CONTROL NUMBER
control field 7801
003 - CONTROL NUMBER IDENTIFIER
control field BD-DhUET
008 - FIXED-LENGTH DATA ELEMENTS--GENERAL INFORMATION
fixed length control field 141212b xxu||||| |||| 00| 0 eng d
040 ## - CATALOGING SOURCE
Transcribing agency 0
Modifying agency BD-DhUET
082 ## - DEWEY DECIMAL CLASSIFICATION NUMBER
Classification number 621.01
Item number OBE/1963
100 ## - MAIN ENTRY--PERSONAL NAME
Personal name Obert, Edward F.
245 ## - TITLE STATEMENT
Title Thermodynamics
250 ## - EDITION STATEMENT
Edition statement 2nd ed.
260 ## - PUBLICATION, DISTRIBUTION, ETC. (IMPRINT)
Place of publication, distribution, etc. New York
Name of publisher, distributor, etc. McGraw-Hill Book
Date of publication, distribution, etc. 1963
300 ## - PHYSICAL DESCRIPTION
Extent xxi,596p.
504 ## - BIBLIOGRAPHY, ETC. NOTE
Bibliography, etc Includes bibliographies
650 #0 - SUBJECT ADDED ENTRY--TOPICAL TERM
Topical term or geographic name as entry element Thermodynamics
700 ## - ADDED ENTRY--PERSONAL NAME
Personal name Gaggioli, Richard A.
942 ## - ADDED ENTRY ELEMENTS (KOHA)
Koha item type General Book
Holdings
Source of classification or shelving scheme Withdrawn status Not for loan Lost status Sublocation or collection (holding branch) Location (home branch) Date acquired Koha item type Piece designation (barcode) Shelving location Price effective from Koha date last seen Damaged status Koha full call number Copy number Koha normalized classification for sorting
    Central Library, BUETCentral Library, BUET2014-12-12General Book6402Circulation section2014-12-122014-12-12 621.01/OBE/19631621_010000000000000_OBE_1963
    Central Library, BUETCentral Library, BUET2014-12-12General Book6403Circulation section2014-12-122014-12-12 621.01/OBE/19632621_010000000000000_OBE_1963
    Central Library, BUETCentral Library, BUET2014-12-12General Book15731Circulation section2014-12-122014-12-12 621.01/OBE/19633621_010000000000000_OBE_1963
    Central Library, BUETCentral Library, BUET2014-12-12General Book18703Circulation section2014-12-122014-12-12 621.01/OBE/19634621_010000000000000_OBE_1963
    Central Library, BUETCentral Library, BUET2014-12-12General Book18706Circulation section2014-12-122014-12-12 621.01/OBE/19635621_010000000000000_OBE_1963
    Central Library, BUETCentral Library, BUET2014-12-12General Book18708Circulation section2014-12-122014-12-12 621.01/OBE/19636621_010000000000000_OBE_1963
    Central Library, BUETCentral Library, BUET2014-12-12General Book18705Circulation section2014-12-122014-12-12 621.01/OBE/19637621_010000000000000_OBE_1963
    Central Library, BUETCentral Library, BUET2014-12-12General Book18702Circulation section2014-12-122014-12-12 621.01/OBE/19638621_010000000000000_OBE_1963
    Central Library, BUETCentral Library, BUET2015-04-12General Book18707Circulation section2015-04-122015-04-12 621.01/OBE/19639621_010000000000000_OBE_1963